Urban sociology / (Record no. 34281)
[ view plain ]
| 000 -LEADER | |
|---|---|
| fixed length control field | 00693cam a22002412 4500 |
| 001 - CONTROL NUMBER | |
| control field | 34281 |
| 003 - CONTROL NUMBER IDENTIFIER | |
| rucl marc code | UkOxU |
| 005 - DATE AND TIME OF LATEST TRANSACTION | |
| control field | 20211209052131.0 |
| 008 - FIXED-LENGTH DATA ELEMENTS--GENERAL INFORMATION | |
| fixed length control field | 721212s1955 nyua 000 0 eng |
| 035 ## - SYSTEM CONTROL NUMBER | |
| System control number | OCLC ocm00512949 from D970611M |
| 040 ## - CATALOGING SOURCE | |
| Original cataloging agency | DLC |
| Transcribing agency | CSU |
| Modifying agency | OCL |
| -- | EQO |
| Language of cataloging | eng |
| 041 ## - LANGUAGE CODE | |
| Language code of text/sound track or separate title | eng |
| 082 ## - DEWEY DECIMAL CLASSIFICATION NUMBER | |
| Classification number | 307.76 |
| Author mark and year | QUU 1955 |
| 100 1# - MAIN ENTRY--PERSONAL NAME | |
| Personal name | Quinn, James Alfred, |
| Dates associated with a name | 1895- |
| 9 (RLIN) | 101758 |
| 245 10 - TITLE STATEMENT | |
| Title | Urban sociology / |
| Statement of responsibility, etc. | James Alfred Quinn |
| 260 ## - PUBLICATION, DISTRIBUTION, ETC. (IMPRINT) | |
| Place of publication, distribution, etc. | New York : |
| Name of publisher, distributor, etc. | American Book Co., |
| Date of publication, distribution, etc. | 1955 |
| 300 ## - PHYSICAL DESCRIPTION | |
| Pagination | 534 p. : |
| Illustrations | illus. ; |
| Size | 23 cm. |
| 490 0# - SERIES STATEMENT | |
| Series statement | American sociology series |
| 650 #0 - SUBJECT ADDED ENTRY--TOPICAL TERM | |
| Topical term or geographic name as entry element | Cities and towns. |
| 9 (RLIN) | 104218 |
| Topical term or geographic name as entry element | Sociology, Urban |
| 9 (RLIN) | 142079 |
| 942 ## - ADDED ENTRY ELEMENTS (KOHA) | |
| Source of classification or shelving scheme | Dewey Decimal Classification |
| Koha item type | Books |
| Lost status | Source of classification or shelving scheme | Damaged status | Not for loan | Collection code | Permanent Location | Current Location | Shelving location | Date acquired | Source of acquisition | Cost, normal purchase price | Total Checkouts | Full call number | Date last seen | Copy number | Koha item type |
|---|---|---|---|---|---|---|---|---|---|---|---|---|---|---|---|
| Dewey Decimal Classification | Non-fiction | Central Library, University of Rajshahi | Central Library, University of Rajshahi | 18/06/1965 | Euro-Pak. | 35.00 | 307.76 QUU 1955 | 15/05/2014 | C-10 | Books | |||||
| Dewey Decimal Classification | Non-fiction | Central Library, University of Rajshahi | Central Library, University of Rajshahi | 18/06/1965 | Euro-Pak. | 35.00 | 307.76 QUU 1955 | 15/05/2014 | C-7 | Books | |||||
| Dewey Decimal Classification | Non-fiction | Central Library, University of Rajshahi | Central Library, University of Rajshahi | 19/02/1974 | U.S. Gift | 307.76 QUU 1967 | 15/05/2014 | C-9 | Books | ||||||
| Dewey Decimal Classification | Non-fiction | Central Library, University of Rajshahi | Central Library, University of Rajshahi | 19/02/1974 | us gov. gift | 307.76 QUU 1955 | 15/05/2014 | C-8 | Books | ||||||
| Dewey Decimal Classification | Non-fiction | Central Library, University of Rajshahi | Central Library, University of Rajshahi | 19/02/1974 | U.S.Govt. Gift | 307.76 QUU 1955 | 15/05/2014 | C-5 | Books | ||||||
| Dewey Decimal Classification | Non-fiction | Central Library, University of Rajshahi | Central Library, University of Rajshahi | 09/02/1974 | U.S.Govt. Gift | 307.76 QUU 1955 | 15/05/2014 | C-6 | Books | ||||||
| Dewey Decimal Classification | Non-fiction | Central Library, University of Rajshahi | Central Library, University of Rajshahi | 19/02/1974 | US govt Gift. | 0.00 | 307.76 QUU 1967 | 15/05/2014 | C-4 | Books | |||||
| Dewey Decimal Classification | Non-fiction | Central Library, University of Rajshahi | Central Library, University of Rajshahi | 18/06/1965 | Euro-Pak. | 35.00 | 307.76 QUU 1955 | 15/05/2014 | C-3 | Books | |||||
| Dewey Decimal Classification | Non-fiction | Central Library, University of Rajshahi | Central Library, University of Rajshahi | 18/06/1965 | Euro-Pak. | 35.00 | 307.76 QUU 1955 | 15/05/2014 | C-2 | Books | |||||
| Dewey Decimal Classification | Not For Loan | Non-fiction | Central Library, University of Rajshahi | Central Library, University of Rajshahi | Reading Room | 19/02/1974 | US Govt. | 0.00 | 301.36 QUU 1967 | 17/05/2014 | C-1 | Books |